Joueurs français ayant joué la finale de la CDM 2022 – Mort subite - Statistiques

Statistiques générales
  • Ce quiz a été pris 1 300 fois
    520 depuis la dernière actualisation
  • Le résultat moyen est 7 sur 14
Answers on the Grid
Answers color-coded by a green-red scale on the quiz's grid according to % correct below.
Areola
Benzema
Camavinga
Coman
Dembélé
Disasi
Giroud
Griezmann
Guendouzi
Kanté
Kolo-Muani
Koundé
Lloris
Lucas Hernandez
Mbappé
Pavard
Pogba
Théo Hernandez
Marcus Thuram
Khéphren Thuram
Fofana
Upamecano
Veretout
Saliba
Clauss
Todibo
 
Statistiques - réponses
Réponse % Correct
Mbappé
65%
Griezmann
61%
Lloris
59%
Kolo-Muani
58%
Dembélé
51%
Giroud
51%
Koundé
47%
Théo Hernandez
47%
Camavinga
45%
Upamecano
44%
Marcus Thuram
41%
Coman
37%
Disasi
22%
Fofana
22%
Aucun quiz correspondant
Distribution des résultats
% des personnes avec chaque résultat
Percentile par nombre de réponses
Votre historique - résultats
Vous n’avez pas pris ce quiz depuis la dernière actualisation